000 00432 a2200145 4500
005 20250508113319.0
020 _a9987-697-12-7
082 _aLECT 340.097 ZLS
111 _aZanzibar Legal Services Centre
245 _aZanzibar Yearbook of Law Volume 2
260 _aMigombani,
_bZanzibar Legal Services Centre,
_c2012.
300 _axvii, 454p.: ill.; picture, table.
_bGlossary.
_c24cm.
700 _aPETER, C. M.
942 _2ddc
_cBKS
999 _c2182
_d2182